000
00263nam a2200121Ia 4500
008
241002s9999 xx 000 0 und d
082
_a
297 HAS
100
_a
Hashim, Abdul
245
0
_a
As I See it
260
_a
Dhaka:
_c
1965
600
_a
Religion
942
_c
UC
999
_c
18335
_d
18335